000 00565nam a22002057a 4500
005 20251108164911.0
008 250721s1978 xx 000 0 ara d
082 1 4 _a811.9611/محم
100 1 _aحسين، محمد الخضر
245 1 0 _aخواطر الحياة /
250 _aط3.، منقحة و مزيدة
264 _c1978.
300 _a296ص
650 1 7 _aالشعر العربي
650 1 7 _aالعصر الحديث
650 1 7 _aتونس
700 1 _aالتونسي، علي الرضا
_eتحقيق
942 _2ddc
_cBK
999 _c17026
_d17026